Trova l'intruso - Quiz n°5 - Statistics

Statistiche generali
  • Questo quiz è stato fatto 44 volte
  • Il punteggio medio è 7 su 15
Statistiche sulle risposte
Domanda Risposta % Corretto
Qual è l'intruso? cL
88%
Qual è l'intruso? 22
81%
Qual è l'intruso? Repubblica d'Irlanda
81%
Qual è l'intruso? Femore
56%
Qual è l'intruso? Il fu Mattia Pascal
50%
Qual è l'intruso? Verde
50%
Qual è l'intruso? Carlo Alberto
44%
Qual è l'intruso? Ultimo Canto di Saffo
44%
Qual è l'intruso? FInlandia
38%
Qual è l'intruso? Matematica
38%
Qual è l'intruso? Bad romance
31%
Qual è l'intruso? Impressionismo
31%
Qual è l'intruso? Nigeria
25%
Qual è l'intruso? Venere
19%
Qual è l'intruso? Bill Clinton
0%
Nessun quiz corrispondente trovato
Distribuzione punteggi
Percentuale di utenti per punteggio
Percentile per numero di risposta
I tuoi punteggi nel tempo
Non hai fatto questo quiz